| 000 | 01725nam a2200301Ia 4500 | ||
|---|---|---|---|
| 001 | B4098 | ||
| 003 | IT-RoPAU | ||
| 008 | 130308s9999 xx 000 0 und d | ||
| 040 | _aIT-RoPAU | ||
| 040 | _cIT-RoPAU | ||
| 041 | _aFRANCESE | ||
| 100 | _aJouve Michele | ||
| 100 | _gCodice Aut. SPICS: 38108 | ||
| 245 | _aCommunication publicitaire (La)-Approche strategique, exercices d'application | ||
| 245 | _bCommunication Publicitaire (La)-Approche Strategique, Exercices D'Application | ||
| 250 | _a1a ed. | ||
| 260 | _aROSNY CEDEX | ||
| 260 | _bBreal | ||
| 260 | _c1992 [1° Ed.:1992 - Ed.Ling.Originale:1992] | ||
| 300 | _a"280 p. (prefazione: no ; testo: 280 [pagine: 0-0])" | ||
| 500 | _aComunicazione Pubblicitaria: Approccio strategico ed Esercizi di Applicazione. Meccanismi del pensiero e Meccanismi Pubblicitari. nozione di Personalità e Approcci Pubblicitari: Modello Razionale, Comportamentale, Socio Culturale, Psico Dinamico, Multidimensionale. Socio Stili: Stili di Vita e di Comunicazione. Comportamento del consumatore e Tattiche Pubblicitarie: Attitudini e Processi di Decisione, teorie dell'Impatto. Assi di Comunicazione:Emittente, Referente, Recettore. Linguaggio pubblicitario : Denotazione e Connotazione, sei Funzioni del Linguaggio, figure di Stile, Psicofisica. Essere Metodico e Recettivo: Conoscenza del Mercato, Cultura Pubblicitaria, Analisi Socioculturale. Essere Razionale e Immaginativo: Tecniche di Analisi,Di Creatività e Miste. prova del Bts. Strategia di Analisi. Strategia di Creazione. Orientamenti Bibliografici. | ||
| 650 | _aLINGUAGGIO DELLA PUBBLICITA' | ||
| 650 | _eCodice materia Spics: 6204 | ||
| 942 | _cBK | ||
| 957 | _71 | ||
| 999 |
_c69354 _d69354 |
||
| 999 | _bSI | ||
| 999 | _g1 | ||